ARRUPE JESUIT UNIVERSITY

CORONAVIRUS -STOP THE SPREAD - CLEAN,DISINFECT,COVER

Histoire des jesuites (Record no. 124774)

MARC details
000 -LEADER
fixed length control field 00429nam a22001457a 4500
005 - DATE AND TIME OF LATEST TRANSACTION
control field 20160503092727.0
008 - FIXED-LENGTH DATA ELEMENTS--GENERAL INFORMATION
fixed length control field 160503b xxu||||| |||| 00| 0 eng d
050 ## - LIBRARY OF CONGRESS CALL NUMBER
Classification number BX3747.S146
100 ## - MAIN ENTRY--PERSONAL NAME
Personal name Saint Moulin, Leon de
9 (RLIN) 24274
245 ## - TITLE STATEMENT
Title Histoire des jesuites
Statement of responsibility, etc by Saint Moulin, Leon de
260 ## - PUBLICATION, DISTRIBUTION, ETC. (IMPRINT)
Place of publication, distribution, etc Kinshasa
Name of publisher, distributor, etc Lessius
Date of publication, distribution, etc 2016
300 ## - PHYSICAL DESCRIPTION
Extent 136p.;
Dimensions 18cm.
650 ## - SUBJECT ADDED ENTRY--TOPICAL TERM
Topical term or geographic name as entry element Jesuits in Africa
General subdivision History
9 (RLIN) 24275
942 ## - ADDED ENTRY ELEMENTS (KOHA)
Source of classification or shelving scheme Library of Congress Classification
Item type Monograph ( Printed materials)
Holdings
Withdrawn status Lost status Source of classification or shelving scheme Damaged status Not for loan Collection code Home library Current library Shelving location Date acquired Total Checkouts Full call number Barcode Date last seen Price effective from Koha item type
    Library of Congress Classification     Main Collection ARRUPE LIBRARY ARRUPE LIBRARY Main Collection 03/05/2016   BX3747.S146 46500006403 22/11/2017 03/05/2016 Monograph ( Printed materials)

 

Arrupe Library. PO Box MP320 Mt Pleasant, Harare, Zimbabwe
263 242 745411|librarian@aju.ac.zw